000 00774cam a2200289 4500
001 B1669
008 090401t1976 xxu||||| |||| 00| 0 eng d
035 _a(Sirsi) u45679
041 _aeng
050 _a333.33016
110 _aMichael Laurie and Partners
_92368
245 3 _aAn analysis of commercial property values 1962-1975
260 _aLondon
_bEconomist Intelligence Unit Limited
_c1976
300 _a14p. ; 30cm.
350 _a0
520 _aStudy commissioned from Economist Intelligence Unit.
650 _aCAPITAL VALUES
650 _aINDUSTRIAL PROPERTY
650 _aOFFICES
650 _aPROPERTY INDEXES
650 _aPROPERTY INVESTMENT
650 _aRENT
650 _aSHOPS
650 _aYIELDS
942 _n0
948 _c04/03/1997
999 _c91800
_d91800